| 000 | 00697nam a2200253 a 4500 | ||
|---|---|---|---|
| 003 | AR-BaBNM | ||
| 005 | 20251128202855.0 | ||
| 008 | 082120s2002 ||||||||||||||000 | spa|| | ||
| 040 | _cAR-BaBNM | ||
| 100 | 1 | _aMoneta, José Manuel | |
| 245 | 0 | 0 | _aCuatro años en las Orcadas del Sur |
| 250 | _a5ª ed. | ||
| 260 |
_aBuenos Aires _bPeuser _c1948 |
||
| 300 |
_a340 p. _bmapas, il., láms. |
||
| 650 | 4 | _aEXPEDICIONES CIENTIFICAS | |
| 650 | 4 | _aHISTORIA DE LAS CIENCIAS | |
| 650 | 4 | _aMISIONES DIPLOMATICAS | |
| 650 | 4 | _aGEOGRAFIA FISICA | |
| 650 | 4 | _aNEGOCIACIONES DIPLOMATICAS | |
| 650 | 4 | _aEXPLORACION GEOGRAFICA | |
| 650 | 4 | _aINVESTIGACION CIENTIFICA | |
| 942 | _cBK | ||
| 998 | _cmariana | ||
| 999 |
_c986 _d986 |
||